[Event "XVI C.to Mondiale seniores femminile"]
[Site "Arvier ITA"]
[Date "2006.09.22"]
[Round "11"]
[White "Fomina, Tatyana V."]
[Black "Blagonadezhnaya, Ideya"]
[Result "1-0"]
[WhiteElo "2220"]
[BlackElo "2049"]
[PlyCount "53"]
[EventDate "2006.09.11"]

1. e4 g6 2. Bc4 Bg7 3. Nf3 e5 4. d4 exd4 5. Bg5 Bf6 6. h4 h6 7. Bxf6 Nxf6 8. e5
d5 9. Bb3 Ne4 10. Qxd4 Be6 11. Nbd2 Nxd2 12. Qxd2 Na6 13. c3 Nc5 14. Bc2 Qd7
15. Qe3 Na4 16. b3 Nb6 17. a4 Bf5 18. Rc1 Bxc2 19. Rxc2 Qf5 20. Nd4 Qg4 21. f3
Qd7 22. e6 Qe7 23. Re2 f6 24. a5 Nc8 25. Qd3 Rg8 26. Qb5+ c6 27. Nxc6 1-0

[Event "XVI C.to Mondiale seniores femminile"]
[Site "Arvier ITA"]
[Date "2006.09.22"]
[Round "11"]
[White "Hoose, Hannelore"]
[Black "Saunina, Ludmila"]
[Result "1/2-1/2"]
[WhiteElo "1828"]
[BlackElo "2290"]
[PlyCount "25"]
[EventDate "2006.09.11"]

1. e4 c5 2. c3 d6 3. Nf3 Nf6 4. d3 e5 5. Be2 g6 6. O-O Bg7 7. b4 Qc7 8. Nbd2
O-O 9. a3 b6 10. Bb2 Bb7 11. c4 Nc6 12. b5 Nd4 13. Nxd4 1/2-1/2

[Event "XVI C.to Mondiale seniores femminile"]
[Site "Arvier ITA"]
[Date "2006.09.22"]
[Round "11"]
[White "Lebel Arias, Julia"]
[Black "Khmiadashvili, Tamar"]
[Result "1/2-1/2"]
[WhiteElo "1965"]
[BlackElo "2210"]
[PlyCount "63"]
[EventDate "2006.09.11"]

1. d4 d5 2. c3 g6 3. Bg5 Bg7 4. f4 Nf6 5. e3 Ne4 6. Bh4 c6 7. Nd2 Nd6 8. Ngf3
Bf5 9. Be2 O-O 10. O-O a5 11. a4 Nd7 12. Ne5 f6 13. Nxd7 Qxd7 14. g4 Be6 15.
Bg3 f5 16. g5 Rfc8 17. h4 b5 18. Bf2 Nc4 19. Qc2 Rcb8 20. axb5 cxb5 21. Nb3 Qc7
22. Nc5 Bf7 23. b3 Nd6 24. Rfc1 Rc8 25. Be1 Nb7 26. b4 axb4 27. cxb4 Nd6 28.
Qb3 Nc4 29. Qc3 Qc6 30. Kf2 Be8 31. Rxa8 Rxa8 32. Ra1 1/2-1/2

[Event "XVI C.to Mondiale seniores"]
[Site "Arvier ITA"]
[Date "2006.09.11"]
[Round "1"]
[White "Arkhangelsky, Boris"]
[Black "Krstic, Slobodan"]
[Result "1-0"]
[WhiteElo "2395"]
[BlackElo "2062"]
[PlyCount "85"]
[EventDate "2006.09.11"]

1. d4 Nf6 2. c4 g6 3. Nc3 Bg7 4. e4 d6 5. Be2 O-O 6. Nf3 Nc6 7. d5 Nb8 8. O-O
c5 9. Bg5 h6 10. Bd2 Nbd7 11. Rb1 Kh7 12. a3 b6 13. b4 Rg8 14. Ne1 Ne8 15. Kh1
Nc7 16. Qc2 a6 17. bxc5 bxc5 18. Na4 Ne8 19. Bg4 Nef6 20. Bh3 a5 21. Nc3 h5 22.
Nf3 Bh6 23. Ng5+ Bxg5 24. Bxg5 Ng4 25. Qe2 f6 26. Bd2 Nde5 27. f3 Kg7 28. f4
Nf7 29. Nd1 Nfh6 30. Bc3 Ba6 31. Bxg4 hxg4 32. Ne3 a4 33. e5 Rb8 34. Qc2 Rxb1
35. Rxb1 dxe5 36. fxe5 Qc7 37. d6 exd6 38. exf6+ Kf7 39. Nd5 Qd7 40. Ne7 Bxc4
41. Nxg8 Nxg8 42. Qf2 g3 43. Qxg3 1-0

[Event "XVI C.to Mondiale seniores"]
[Site "Arvier ITA"]
[Date "2006.09.11"]
[Round "1"]
[White "Barlo, Werner"]
[Black "Hook, William"]
[Result "0-1"]
[WhiteElo "1882"]
[BlackElo "2084"]
[PlyCount "84"]
[EventDate "2006.09.11"]

1. e4 e6 2. d4 d5 3. exd5 exd5 4. Bd3 Bd6 5. Nf3 Ne7 6. Bg5 f6 7. Be3 O-O 8.
O-O Nd7 9. Nbd2 c6 10. c3 Re8 11. Qc2 Nf8 12. Rfe1 Bg4 13. h3 Bh5 14. Nh4 Qd7
15. Nf5 Bc7 16. Nf1 Bf7 17. Bd2 Be6 18. Nxe7+ Rxe7 19. Re2 Rae8 20. Rae1 Bf7
21. Bc1 Bg6 22. Bxg6 Nxg6 23. Rxe7 Rxe7 24. Rxe7 Nxe7 25. Qe2 g6 26. a3 Kf7 27.
Bd2 Qf5 28. Bc1 Qb1 29. Qd2 g5 30. g3 Nf5 31. Ne3 Nxe3 32. Qxe3 h5 33. Kg2 Qf5
34. Qe2 g4 35. hxg4 hxg4 36. f3 gxf3+ 37. Qxf3 Qc2+ 38. Kh3 Qxc1 39. Qh5+ Kg7
40. Qg4+ Kh6 41. Qh4+ Kg6 42. Qg4+ Qg5 0-1

[Event "XVI C.to Mondiale seniores"]
[Site "Arvier ITA"]
[Date "2006.09.11"]
[Round "1"]
[White "Bayer, Wolfgang"]
[Black "Klovans, Janis"]
[Result "0-1"]
[WhiteElo "2103"]
[BlackElo "2433"]
[PlyCount "62"]
[EventDate "2006.09.11"]

1. c4 e6 2. g3 d5 3. cxd5 exd5 4. Bg2 Nf6 5. Nf3 Bd6 6. O-O O-O 7. d4 Re8 8.
Bg5 Nbd7 9. Nc3 c6 10. e3 h6 11. Bxf6 Nxf6 12. a3 Bf5 13. b4 b5 14. Qb3 a5 15.
Nh4 Bh7 16. Bh3 g5 17. Nf5 Bf8 18. g4 h5 19. Ng3 hxg4 20. Bg2 Bd6 21. Rfc1 Qe7
22. Na2 Ra6 23. a4 axb4 24. axb5 Ra3 25. Qb2 cxb5 26. Bf1 Rea8 27. Rc6 b3 28.
Qc3 Rxa2 29. Rc8+ Rxc8 30. Qxc8+ Qf8 31. Rxa2 Qxc8 0-1

[Event "XVI C.to Mondiale seniores"]
[Site "Arvier ITA"]
[Date "2006.09.11"]
[Round "1"]
[White "Belokopyt, Boris"]
[Black "Klundt, Klaus"]
[Result "0-1"]
[WhiteElo "2050"]
[BlackElo "2380"]
[PlyCount "164"]
[EventDate "2006.09.11"]

1. d4 Nf6 2. Nf3 g6 3. g3 Bg7 4. Bg2 O-O 5. O-O d6 6. c4 Nc6 7. Nc3 a6 8. h3
Rb8 9. a4 Na5 10. b3 c5 11. e3 Nc6 12. Bb2 cxd4 13. exd4 d5 14. Kh2 dxc4 15.
bxc4 Qb6 16. Ba3 Rd8 17. Bc5 Qc7 18. a5 Nxa5 19. Qa4 b6 20. Bxb6 Qxb6 21. Qxa5
Qxa5 22. Rxa5 Rb3 23. Ne2 Rb2 24. Re1 e6 25. Ne5 Bh6 26. f4 Bf8 27. c5 Nd5 28.
Kg1 Nb4 29. Bf3 Bg7 30. Rd1 g5 31. c6 Bxe5 32. Rxe5 gxf4 33. Nxf4 Rc2 34. Rg5+
Kf8 35. Be4 Rc4 36. Bxh7 Nxc6 37. d5 Nd4 38. Rg8+ Ke7 39. Rxd8 Kxd8 40. dxe6
fxe6 41. h4 Ke7 42. Bd3 Ra4 43. h5 Ra2 44. Be4 e5 45. Ng6+ Kf6 46. Re1 Kg5 47.
Nxe5 Ne2+ 48. Kf2 Nf4+ 49. Ke3 Ra3+ 50. Nd3 Nxh5 51. Rc1 Bf5 52. Rg1 Bxe4 53.
Kxe4 Nf6+ 54. Kd4 Ra4+ 55. Kc5 Ra3 56. Ne5 Ra5+ 57. Kd4 Rd5+ 58. Kc4 Rxe5 59.
Ra1 a5 60. Rb1 Ne4 61. Kd4 Kf5 62. g4+ Ke6 63. g5 Nxg5 64. Rb8 Kd6 65. Ra8 Ne6+
66. Kc4 Kc6 67. Ra6+ Kb7 68. Rd6 Rc5+ 69. Kb3 Rc6 70. Rd1 Kb6 71. Ka3 Rc3+ 72.
Kb2 Re3 73. Ka2 Kb5 74. Rb1+ Ka4 75. Rh1 Re2+ 76. Ka1 Nd4 77. Kb1 Ka3 78. Kc1
a4 79. Rh4 Nb3+ 80. Kd1 Rd2+ 81. Ke1 Rd4 82. Rh2 Kb4 0-1

[Event "XVI C.to Mondiale seniores"]
[Site "Arvier ITA"]
[Date "2006.09.11"]
[Round "1"]
[White "Bitzer, Dieter"]
[Black "Zaric, Srboljub"]
[Result "0-1"]
[WhiteElo "1980"]
[BlackElo "2241"]
[PlyCount "92"]
[EventDate "2006.09.11"]

1. e4 e6 2. d4 d5 3. exd5 exd5 4. Nc3 c6 5. Bd3 Qf6 6. Be3 Bd6 7. Qf3 Be6 8.
O-O-O Nd7 9. Nce2 Qxf3 10. Nxf3 Ne7 11. h3 Bf5 12. g4 Bxd3 13. Rxd3 Ng6 14. h4
h5 15. g5 O-O-O 16. Ng3 Bxg3 17. fxg3 Rde8 18. Rf1 Re4 19. Nd2 Re7 20. c3 Rhe8
21. Bf4 Re2 22. Rdf3 R8e6 23. R1f2 Re1+ 24. Kc2 b6 25. b4 a5 26. a3 a4 27. Nb1
f6 28. Bd2 R1e4 29. Kd3 Ne7 30. Re3 f5 31. Rxe4 dxe4+ 32. Ke2 b5 33. Be3 Nb6
34. Rf1 Nc4 35. Nd2 Nxe3 36. Kxe3 Nd5+ 37. Ke2 Nxc3+ 38. Ke1 g6 39. Rf4 Rd6 40.
g4 hxg4 41. h5 e3 42. Nf1 Nd5 43. Rxf5 gxf5 44. g6 f4 45. g7 Ne7 46. Ke2 Rh6
0-1

[Event "XVI C.to Mondiale seniores"]
[Site "Arvier ITA"]
[Date "2006.09.11"]
[Round "1"]
[White "Bondick, Karl-Heinz"]
[Black "Acunzo, Domenico"]
[Result "1-0"]
[WhiteElo "2154"]
[BlackElo "1764"]
[PlyCount "81"]
[EventDate "2006.09.11"]

1. d4 e6 2. e4 d5 3. Be3 Nf6 4. f3 Nc6 5. c3 dxe4 6. Nd2 Nd5 7. Qe2 Nxe3 8.
Qxe3 exf3 9. Ngxf3 Be7 10. Bd3 Bf6 11. Nc4 Ne7 12. O-O-O c6 13. g4 Nd5 14. Qd2
b5 15. Nce5 Bb7 16. Rhf1 Bxe5 17. Nxe5 f6 18. Nf3 Qc7 19. Rde1 O-O-O 20. Rxe6
Nf4 21. Re3 Nxd3+ 22. Qxd3 Qf4 23. Ne5 fxe5 24. Rxf4 exf4 25. Qf5+ Kb8 26.
Qxf4+ Ka8 27. Re7 Rhg8 28. Qc7 Rb8 29. Rxg7 Rxg7 30. Qxg7 c5 31. Qxh7 cxd4 32.
cxd4 Rc8+ 33. Kd2 Re8 34. g5 Be4 35. g6 Rc8 36. Ke3 Re8 37. Kf4 Bd3 38. Qf7
Re4+ 39. Kg5 Rxd4 40. Qf8+ Kb7 41. Qg7+ 1-0

[Event "XVI C.to Mondiale seniores"]
[Site "Arvier ITA"]
[Date "2006.09.11"]
[Round "1"]
[White "Cleal, John"]
[Black "Altshul, Raffael"]
[Result "0-1"]
[WhiteElo "1990"]
[BlackElo "2291"]
[PlyCount "56"]
[EventDate "2006.09.11"]

1. e4 Nf6 2. e5 Nd5 3. c4 Nb6 4. c5 Nd5 5. Bc4 e6 6. Nc3 Nxc3 7. dxc3 Qh4 8.
Qd4 Qxd4 9. cxd4 Nc6 10. Be3 b6 11. Nf3 bxc5 12. dxc5 Nb4 13. Rc1 Bb7 14. O-O
Bxf3 15. gxf3 Nc6 16. f4 Rb8 17. b3 g6 18. Rfd1 Ne7 19. a3 c6 20. b4 Nd5 21.
Kg2 Bh6 22. Kf3 O-O 23. h4 f6 24. Bxd5 exd5 25. Bd4 Rbe8 26. exf6 Re4 27. Be5
Bxf4 28. Bxf4 Rxf6 0-1

[Event "XVI C.to Mondiale seniores"]
[Site "Arvier ITA"]
[Date "2006.09.11"]
[Round "1"]
[White "Davydov, Mikhail"]
[Black "Vasiukov, Evgeni A."]
[Result "1/2-1/2"]
[WhiteElo "2113"]
[BlackElo "2505"]
[PlyCount "115"]
[EventDate "2006.09.11"]

1. e4 Nf6 2. e5 Nd5 3. d4 d6 4. Nf3 Bg4 5. Be2 e6 6. h3 Bh5 7. O-O Be7 8. c4
Nb6 9. Be3 O-O 10. b3 Nc6 11. exd6 cxd6 12. Nc3 d5 13. c5 Nc8 14. Ne5 Nxe5 15.
Bxh5 Nc6 16. f4 Bf6 17. Be2 N8e7 18. g4 h6 19. Qd2 g6 20. Rad1 b6 21. Na4 bxc5
22. Nxc5 a5 23. Kg2 Qd6 24. Rc1 Rfb8 25. Rfd1 Bh4 26. Bd3 f5 27. Bf2 Bxf2 28.
Qxf2 fxg4 29. hxg4 Rf8 30. Rf1 e5 31. dxe5 Nxe5 32. Qh4 Rxf4 33. Rxf4 g5 34.
Qg3 gxf4 35. Qxf4 Rf8 36. Bf5 Nxf5 37. gxf5 Qg6+ 38. fxg6 Rxf4 39. Rd1 d4 40.
g7 Rg4+ 41. Kh3 h5 42. a3 Nc6 43. Rb1 Rxg7 44. b4 Rg5 45. Nd3 Rf5 46. b5 Rf3+
47. Kh4 Rxd3 48. bxc6 Rc3 49. Kxh5 Rxc6 50. Kg5 Rc3 51. Kf4 Rxa3 52. Ke4 d3 53.
Rd1 a4 54. Rxd3 Ra1 55. Kd4 a3 56. Kc3 Rb1 57. Rd8+ Kf7 58. Ra8 1/2-1/2

[Event "XVI C.to Mondiale seniores"]
[Site "Arvier ITA"]
[Date "2006.09.11"]
[Round "1"]
[White "De Laubadere, Philippe"]
[Black "Ljubarskij, Juri"]
[Result "1/2-1/2"]
[WhiteElo "2002"]
[BlackElo "2341"]
[PlyCount "107"]
[EventDate "2006.09.11"]

1. d4 c5 2. d5 e5 3. e4 d6 4. Bd3 g6 5. Ne2 Bg7 6. O-O Ne7 7. a4 O-O 8. Na3 f5
9. Nc4 Na6 10. c3 Nc7 11. f4 Ne8 12. Ng3 b6 13. fxe5 Bxe5 14. Nxe5 dxe5 15. Bg5
f4 16. Nh1 Nd6 17. Qe1 Nf7 18. Qh4 Nxg5 19. Qxg5 Qd6 20. Nf2 Qf6 21. Qxf6 Rxf6
22. Bc4 Kg7 23. Nd3 Bb7 24. Nxe5 Re8 25. Bb5 Rd8 26. Be2 Nc8 27. Nc4 Rf7 28.
Rae1 g5 29. Nd2 Re7 30. h4 h6 31. hxg5 hxg5 32. Bg4 Kg6 33. Kf2 Nd6 34. c4 Nf7
35. Nf3 Bc8 36. Bxc8 Rxc8 37. e5 Nh6 38. e6 Ng4+ 39. Kg1 Kf5 40. Nh2 Ne5 41. b3
Rh8 42. Rxe5+ Kxe5 43. Nf3+ Kf5 44. Re1 g4 45. Ne5 g3 46. Nc6 Reh7 47. Re5+ Kg4
48. Kf1 Rh1+ 49. Ke2 R8h2 50. e7 Rxg2+ 51. Kd3 Rd1+ 52. Kc3 Rc1+ 53. Kd3 Rd1+
54. Kc3 1/2-1/2

[Event "XVI C.to Mondiale seniores"]
[Site "Arvier ITA"]
[Date "2006.09.11"]
[Round "1"]
[White "Di Cio', Enrico"]
[Black "Nordstrom, Felix"]
[Result "0-1"]
[WhiteElo "1825"]
[BlackElo "2178"]
[PlyCount "58"]
[EventDate "2006.09.11"]

1. e4 c5 2. f4 Nc6 3. Nf3 g6 4. d4 cxd4 5. Nxd4 Bg7 6. Nxc6 bxc6 7. Nc3 Rb8 8.
Bd3 d6 9. O-O Rxb2 10. Bxb2 Qb6+ 11. Kh1 Qxb2 12. Rb1 Qxc3 13. Rb8 Kd7 14. Qg4+
e6 15. f5 Nf6 16. fxe6+ fxe6 17. Qg3 Ke7 18. Qe3 c5 19. Qe2 Bd7 20. Rb7 Qe5 21.
Rxa7 c4 22. Bxc4 Nxe4 23. Bb5 Nc5 24. h3 Qxe2 25. Bxe2 Rb8 26. Bc4 Bd4 27. Re1
Rb2 28. Bb3 Nxb3 29. cxb3 Bxa7 0-1

[Event "XVI C.to Mondiale seniores"]
[Site "Arvier ITA"]
[Date "2006.09.11"]
[Round "1"]
[White "Filzmaier, Bruno"]
[Black "Kaminik, Aleksandar"]
[Result "0-1"]
[WhiteElo "1952"]
[BlackElo "2226"]
[PlyCount "72"]
[EventDate "2006.09.11"]

1. a3 Nf6 2. Nf3 g6 3. d4 Bg7 4. e3 O-O 5. b4 d6 6. Bb2 Nbd7 7. h3 b6 8. Be2
Bb7 9. O-O Re8 10. c4 e5 11. Nc3 Ne4 12. Nxe4 Bxe4 13. d5 Bxf3 14. Bxf3 e4 15.
Bxg7 exf3 16. Bb2 fxg2 17. Kxg2 Re4 18. Rc1 Qg5+ 19. Kh2 Qf5 20. Qd3 Ne5 21.
Bxe5 Qxe5+ 22. f4 Qe7 23. Rf3 Re8 24. Rc3 Qf6 25. Qc2 Qf5 26. Qg2 Qf6 27. Qc2
h5 28. c5 Rxe3 29. Rcxe3 Rxe3 30. Rxe3 Qxf4+ 31. Rg3 h4 32. Qc3 Qxg3+ 33. Qxg3
hxg3+ 34. Kxg3 dxc5 35. bxc5 bxc5 36. Kf4 Kf8 0-1

[Event "XVI C.to Mondiale seniores"]
[Site "Arvier ITA"]
[Date "2006.09.11"]
[Round "1"]
[White "Frumson, Yury"]
[Black "Pipitone, Antonio"]
[Result "1-0"]
[WhiteElo "2317"]
[BlackElo "1993"]
[PlyCount "177"]
[EventDate "2006.09.11"]

1. Nf3 Nf6 2. c4 c5 3. Nc3 d6 4. d4 cxd4 5. Nxd4 g6 6. e4 Bg7 7. Be2 Nbd7 8.
O-O O-O 9. Bg5 Nc5 10. f3 Ne6 11. Be3 Nxd4 12. Bxd4 Bd7 13. Qd2 Bc6 14. Rfd1
Nh5 15. Be3 Re8 16. b4 b6 17. Rac1 Rc8 18. a4 Bxc3 19. Rxc3 Qc7 20. Ra3 Rb8 21.
b5 Bb7 22. a5 Nf6 23. h4 Nd7 24. h5 Nc5 25. Bf1 Red8 26. Qe1 Qc8 27. Qh4 Qe6
28. Bd4 f6 29. hxg6 hxg6 30. Qh6 Qf7 31. Be2 Qg7 32. Qxg7+ Kxg7 33. Rda1 Kf7
34. Kf2 Ke6 35. Ke3 g5 36. Rh1 Rh8 37. Rxh8 Rxh8 38. axb6 axb6 39. Ra7 Ra8 40.
Rxa8 Bxa8 41. Bd1 Kd7 42. Bc2 e5 43. Bc3 Bb7 44. g3 Ke6 45. Bb4 Nd7 46. Bd3 Ba8
47. Bf1 Bb7 48. Bh3+ Ke7 49. Bf5 Nf8 50. Bd2 Ne6 51. Kf2 Nd4 52. Bg4 Nb3 53.
Be3 Nc5 54. Bf5 Kf7 55. Kg2 Kg7 56. Kh3 Na4 57. Kg4 Nb2 58. Bxb6 Nxc4 59. Bf2
Na3 60. b6 Nc4 61. Kh3 Nd2 62. Kg2 Ba6 63. Be3 Nc4 64. Bg1 Bb7 65. Kf1 Ba6 66.
Ke1 Bb7 67. Kd1 d5 68. Bc5 Kf7 69. exd5 Bxd5 70. Ke2 Na5 71. Bc8 Nb7 72. Bb4
Ke8 73. Ke3 Kd8 74. Bf5 Bc4 75. Be4 Ba6 76. g4 Kd7 77. Bd5 Nd8 78. Ke4 Nc6 79.
Bc5 Bb7 80. Ke3 Ba8 81. Be4 Bb7 82. Kd3 Ke6 83. Kc4 Ba6+ 84. Kb3 Bb7 85. Ka4
Kd7 86. Kb5 Nd4+ 87. Bxd4 Bxe4 88. fxe4 exd4 89. Kc4 1-0

[Event "XVI C.to Mondiale seniores"]
[Site "Arvier ITA"]
[Date "2006.09.11"]
[Round "1"]
[White "Gabriel, Josef"]
[Black "Andreas, Guenter"]
[Result "1-0"]
[WhiteElo "2204"]
[BlackElo "1910"]
[PlyCount "91"]
[EventDate "2006.09.11"]

1. c4 e5 2. Nc3 Nf6 3. g3 Nc6 4. Bg2 Be7 5. Nf3 O-O 6. d4 exd4 7. Nxd4 Ne5 8.
b3 d6 9. O-O c6 10. h3 Re8 11. e4 Qc7 12. Bb2 a5 13. Rc1 Bd7 14. f4 Ng6 15. Kh2
Bf8 16. Qc2 Rac8 17. Qb1 Qb8 18. a4 h5 19. Rce1 Be7 20. Nf3 h4 21. Nxh4 Nxh4
22. gxh4 Nh5 23. Qd1 g6 24. Qd4 Bxh4 25. Nd5 Kh7 26. Bf3 Rg8 27. Bxh5 cxd5 28.
Rg1 dxc4 29. Qd5 c3 30. Ba3 Be6 31. Qd4 Rc5 32. f5 Bxf5 33. exf5 Bxe1 34. fxg6+
fxg6 35. Rxe1 Qf8 36. Bg4 Rg7 37. Bc1 Rf7 38. Kg2 Re5 39. Qxc3 Rf2+ 40. Kg3 Ra2
41. Bf4 g5 42. Qd3+ Kh6 43. Be3 Qe7 44. h4 Kg7 45. Bxg5 Qf8 46. Rf1 1-0

[Event "XVI C.to Mondiale seniores"]
[Site "Arvier ITA"]
[Date "2006.09.11"]
[Round "1"]
[White "Haug, Sverre"]
[Black "Johnsen, Gunnar"]
[Result "0-1"]
[WhiteElo "1946"]
[BlackElo "2215"]
[PlyCount "42"]
[EventDate "2006.09.11"]

1. Nf3 f5 2. d4 Nf6 3. c4 e6 4. Bg5 Bb4+ 5. Nbd2 h6 6. Bxf6 Qxf6 7. a3 Bxd2+ 8.
Qxd2 O-O 9. O-O-O d6 10. h3 Nd7 11. g4 e5 12. g5 hxg5 13. Qxg5 exd4 14. Rxd4
Ne5 15. Qxf6 Rxf6 16. Bg2 c5 17. Rf4 Ng6 18. Rh4 Nxh4 19. Nxh4 Be6 20. Bxb7 Rb8
21. Ba6 Rb6 0-1

[Event "XVI C.to Mondiale seniores"]
[Site "Arvier ITA"]
[Date "2006.09.11"]
[Round "1"]
[White "Hutchings, Frank"]
[Black "Jakobsen, Ole"]
[Result "0-1"]
[WhiteElo "2054"]
[BlackElo "2387"]
[PlyCount "58"]
[EventDate "2006.09.11"]

1. Nf3 g6 2. g3 Bg7 3. d4 Nf6 4. Bg2 O-O 5. O-O d6 6. c4 Nc6 7. Nc3 Bf5 8. d5
Na5 9. Nd4 Bd7 10. Qd3 c5 11. Nc2 a6 12. Rb1 Qc7 13. e4 Rab8 14. b3 b5 15. Bd2
bxc4 16. bxc4 Ng4 17. f4 Bd4+ 18. Nxd4 cxd4 19. Qxd4 Nxc4 20. h3 Nxd2 21. Qxd2
Qc5+ 22. Kh1 Ne3 23. Rfc1 Nxg2 24. Kxg2 Qc4 25. Rxb8 Rxb8 26. Qc2 Rc8 27. Qb3
Qd4 28. Qc2 Qe3 29. Qb2 Bb5 0-1

[Event "XVI C.to Mondiale seniores"]
[Site "Arvier ITA"]
[Date "2006.09.11"]
[Round "1"]
[White "Hvenekilde, Jorgen"]
[Black "Zelkind, Simeon"]
[Result "1-0"]
[WhiteElo "2181"]
[BlackElo "1853"]
[PlyCount "73"]
[EventDate "2006.09.11"]

1. d4 d5 2. c4 c6 3. Nc3 Nf6 4. Nf3 e6 5. Bg5 Nbd7 6. e3 Qa5 7. Nd2 Bb4 8. Qc2
dxc4 9. Bxf6 Nxf6 10. Nxc4 Qd8 11. a3 Ba5 12. e4 Bc7 13. Rd1 O-O 14. Be2 Qe7
15. O-O b6 16. Ne3 Bb7 17. Bf3 Rfd8 18. Rfe1 Rac8 19. g3 Bb8 20. Bg2 h5 21. Qe2
g6 22. e5 Nd5 23. Ne4 Kg7 24. Nxd5 cxd5 25. Nf6 Rh8 26. h4 a6 27. Qe3 b5 28.
Bf1 Ba7 29. Qg5 Qd8 30. Re3 Bb6 31. Be2 Rc2 32. b4 Qc8 33. Nxh5+ Kg8 34. Nf6+
Kg7 35. h5 Bd8 36. hxg6 fxg6 37. Bd3 1-0

[Event "XVI C.to Mondiale seniores"]
[Site "Arvier ITA"]
[Date "2006.09.11"]
[Round "1"]
[White "Jansa, Vlastimil"]
[Black "Tavcar, Rado"]
[Result "1-0"]
[WhiteElo "2482"]
[BlackElo "2112"]
[PlyCount "83"]
[EventDate "2006.09.11"]

1. e4 e5 2. Nf3 Nc6 3. Bb5 a6 4. Ba4 Nf6 5. O-O b5 6. Bb3 Be7 7. Re1 Bb7 8. c3
O-O 9. d4 d6 10. Nbd2 Re8 11. a4 Bf8 12. d5 Nb8 13. c4 b4 14. a5 Nbd7 15. Ba4
Re7 16. Nb3 Nc5 17. Nxc5 dxc5 18. Bg5 Qd6 19. Nd2 h6 20. Be3 Nd7 21. Nb3 Ree8
22. Bxd7 Qxd7 23. Bxc5 Bc8 24. Qd2 Rb8 25. Ba7 Ra8 26. Be3 c6 27. Red1 Qg4 28.
f3 Qg6 29. Bb6 cxd5 30. cxd5 Bd7 31. d6 Red8 32. Bxd8 Rxd8 33. Qf2 Bb5 34. Qb6
Rxd6 35. Rxd6 Qxd6 36. Qxd6 Bxd6 37. Rd1 Bc7 38. Rc1 Bd6 39. Rc8+ Kh7 40. Nc5
h5 41. Nxa6 b3 42. Nc5 1-0

[Event "XVI C.to Mondiale seniores"]
[Site "Arvier ITA"]
[Date "2006.09.11"]
[Round "1"]
[White "Karasev, Vladimir I."]
[Black "Giani, Franco"]
[Result "1-0"]
[WhiteElo "2379"]
[BlackElo "2043"]
[PlyCount "73"]
[EventDate "2006.09.11"]

1. Nf3 Nf6 2. g3 b6 3. Bg2 Bb7 4. O-O g6 5. d3 Bg7 6. e4 d6 7. Nc3 Nbd7 8. Nh4
O-O 9. e5 Bxg2 10. exf6 Bxf1 11. fxg7 Kxg7 12. Qxf1 h6 13. Qh3 Rh8 14. Bd2 e6
15. Re1 Nf6 16. Ne4 Nd7 17. Bc3+ e5 18. f4 Qc8 19. d4 d5 20. dxe5 dxe4 21. Qxd7
Qxd7 22. e6+ f6 23. exd7 Rad8 24. Rxe4 Rxd7 25. Re6 Rf8 26. g4 Rd5 27. Nf3 Rd6
28. Rxd6 cxd6 29. g5 hxg5 30. fxg5 Rf7 31. Kf2 Kh7 32. gxf6 Kh6 33. h4 Kh5 34.
Ng5 Rf8 35. Kg3 a5 36. f7 Kh6 37. Bf6 1-0

[Event "XVI C.to Mondiale seniores"]
[Site "Arvier ITA"]
[Date "2006.09.11"]
[Round "1"]
[White "Karl, Hans"]
[Black "Reves Balleste, Jose'"]
[Result "1-0"]
[WhiteElo "2240"]
[BlackElo "1975"]
[PlyCount "69"]
[EventDate "2006.09.11"]

1. d4 d5 2. c4 dxc4 3. e3 e5 4. Bxc4 exd4 5. exd4 Bb4+ 6. Nc3 Qe7+ 7. Nge2 Nf6
8. O-O O-O 9. Bg5 Bd6 10. Ng3 h6 11. Nd5 Nxd5 12. Bxe7 Nxe7 13. Ne4 Bb4 14. Qa4
Bd6 15. Nxd6 cxd6 16. Rfe1 Nec6 17. d5 Ne5 18. f4 Ned7 19. Qa3 Nb6 20. Rac1 Rd8
21. Re3 Bf5 22. Bd3 Bxd3 23. Qxd3 N8d7 24. Re7 Nf6 25. Rxb7 Nbxd5 26. Qd4 Re8
27. Rxa7 Rab8 28. Ra5 Re4 29. Rxd5 Rxd4 30. Rxd4 Rxb2 31. Ra1 Ng4 32. a4 Ne3
33. a5 Nxg2 34. a6 Nh4 35. Rd3 1-0

[Event "XVI C.to Mondiale seniores"]
[Site "Arvier ITA"]
[Date "2006.09.11"]
[Round "1"]
[White "Keserovic, Milan"]
[Black "Maissenbacher, Werner"]
[Result "1-0"]
[WhiteElo "2230"]
[BlackElo "1953"]
[PlyCount "69"]
[EventDate "2006.09.11"]

1. e4 c5 2. Nf3 Nc6 3. c3 Nf6 4. e5 Nd5 5. d4 cxd4 6. Bc4 Nb6 7. Bb3 dxc3 8.
Nxc3 e6 9. Bf4 Be7 10. O-O O-O 11. Qd3 f5 12. exf6 Bxf6 13. Bd6 Be7 14. Ne4
Bxd6 15. Nxd6 Qf6 16. Rae1 Rb8 17. Re4 g6 18. h4 Ne7 19. h5 Nbd5 20. hxg6 hxg6
21. Ne5 b6 22. Qg3 Kg7 23. Rg4 Nf4 24. Re1 Nh5 25. Qe3 Kh7 26. Bc2 Nf4 27. Qg3
Nh5 28. Rh4 Nf5 29. Nxf5 exf5 30. Nxg6 Qxg6 31. Re7+ Kh6 32. Qf4+ Qg5 33. Rxh5+
Kxh5 34. Rh7+ Kg6 35. Rg7+ 1-0

[Event "XVI C.to Mondiale seniores"]
[Site "Arvier ITA"]
[Date "2006.09.11"]
[Round "1"]
[White "Kraaykamp, Wim"]
[Black "Buxade Roca, Guillermo"]
[Result "1/2-1/2"]
[WhiteElo "1901"]
[BlackElo "2202"]
[PlyCount "86"]
[EventDate "2006.09.11"]

1. d4 Nf6 2. Nf3 d5 3. c4 c6 4. e3 Bf5 5. Nc3 e6 6. Qb3 Qb6 7. Qxb6 axb6 8. Nh4
Bc2 9. Bd2 h6 10. cxd5 exd5 11. Be2 Be7 12. Nf3 Nbd7 13. O-O O-O 14. Ne1 Bh7
15. Bd3 Ne4 16. Nxe4 dxe4 17. Bc4 b5 18. Bb3 Nb6 19. Rc1 Nc4 20. Bxc4 bxc4 21.
a3 Ra4 22. Nc2 Rd8 23. Rfd1 Bf5 24. Nb4 Bg4 25. Re1 c5 26. Nc2 b5 27. h3 Bh5
28. g4 Bg6 29. Red1 Raa8 30. dxc5 Bxc5 31. Bb4 Bxb4 32. Nxb4 Rac8 33. Rd5 Rxd5
34. Nxd5 Kf8 35. Nc3 Rb8 36. Rd1 b4 37. axb4 Rxb4 38. Rd8+ Ke7 39. Nd5+ Kxd8
40. Nxb4 Kd7 41. Kg2 Kd6 42. Kg3 f6 43. h4 Ke5 1/2-1/2

[Event "XVI C.to Mondiale seniores"]
[Site "Arvier ITA"]
[Date "2006.09.11"]
[Round "1"]
[White "Laco, Giuseppe"]
[Black "Bergmann, Hans-Dieter"]
[Result "0-1"]
[WhiteElo "2143"]
[BlackElo "1639"]
[PlyCount "50"]
[EventDate "2006.09.11"]

1. c4 Nf6 2. Nc3 d6 3. d4 g6 4. e4 Bg7 5. f3 O-O 6. Be3 Nc6 7. Qd2 e5 8. d5 Nd4
9. Bxd4 exd4 10. Nb5 Nh5 11. g3 c5 12. dxc6 bxc6 13. Nxd4 Qb6 14. O-O-O d5 15.
exd5 cxd5 16. g4 Nf6 17. Nb3 dxc4 18. Bxc4 Qc7 19. Qc2 Bb7 20. h3 Rac8 21. Nd2
Nd5 22. Re1 Bh6 23. b3 Nb4 24. Qd1 Nxa2+ 25. Kc2 Qa5 0-1

[Event "XVI C.to Mondiale seniores"]
[Site "Arvier ITA"]
[Date "2006.09.11"]
[Round "1"]
[White "Loktiev, Ivan"]
[Black "Thieme, Hans"]
[Result "1-0"]
[WhiteElo "2383"]
[BlackElo "2053"]
[PlyCount "195"]
[EventDate "2006.09.11"]

1. d4 Nf6 2. c4 c5 3. d5 e6 4. Nc3 exd5 5. cxd5 d6 6. e4 g6 7. h3 a6 8. Bd3 Bg7
9. Nf3 O-O 10. O-O b5 11. a3 Nbd7 12. Bf4 Nb6 13. Re1 Bb7 14. Qd2 Re8 15. Bh6
Nfd7 16. Bxg7 Kxg7 17. Re3 Qf6 18. Rf1 Rac8 19. Nh2 Ne5 20. Ng4 Nxg4 21. hxg4
Rh8 22. Rf3 Qe5 23. g5 h6 24. Rg3 hxg5 25. Qxg5 Qxg5 26. Rxg5 f6 27. Rg3 Rh6
28. f4 Nd7 29. Nd1 Kf7 30. Ne3 c4 31. Bc2 Rch8 32. Kf2 Bc8 33. Ke2 Re8 34. Kf3
Nc5 35. Nd1 Bd7 36. Nc3 a5 37. Ne2 b4 38. axb4 axb4 39. Rc1 Rc8 40. Ke3 b3 41.
Bd1 Rh1 42. Nc3 Na4 43. Nxa4 Bxa4 44. Kd2 Bb5 45. Ra1 Rc7 46. Ra5 Rb7 47. Rh3
Rxh3 48. gxh3 g5 49. f5 c3+ 50. Kxc3 Bf1 51. Bg4 Bg2 52. Ra4 Ke7 53. Kd4 Kd7
54. Ke3 Bf1 55. Ra1 Bb5 56. Ra3 Bf1 57. Ra1 Bb5 58. h4 gxh4 59. Rh1 Rc7 60. Bd1
Rc1 61. Kd2 Rb1 62. Rxh4 Rxb2+ 63. Kc3 Rb1 64. Rh7+ Ke8 65. Bxb3 Re1 66. Bc2
Re2 67. Rb7 Bd7 68. Bd3 Re3 69. Kd2 Rh3 70. Be2 Rh2 71. Ke3 Rh3+ 72. Bf3 Rh4
73. Kf2 Rh2+ 74. Kg3 Rh6 75. Rb8+ Ke7 76. Be2 Rh1 77. Ra8 Rh6 78. Ra7 Ke8 79.
Ba6 Rh1 80. Bb7 Rc1 81. Ra6 Ke7 82. Bc6 Bxc6 83. dxc6 Rc5 84. Ra7+ Ke8 85. c7
Kd7 86. Kg4 Re5 87. Kh5 d5 88. Kg6 dxe4 89. Kxf6 Re8 90. c8=Q+ Kxc8 91. Kf7 Re5
92. f6 e3 93. Re7 Rd5 94. Rxe3 Rd1 95. Kf8 Kd8 96. f7 Kd7 97. Rg3 Rf1 98. Kg8
1-0